[Event "Dueville op-B 1st"]
[Site "Dueville"]
[Date "2023.06.04"]
[Round "5"]
[White "Franchin, Matteo"]
[Black "Giordan, Daniele"]
[Result "1-0"]
[WhiteElo "1601"]
[BlackElo "1838"]
[PlyCount "61"]
[EventDate "2023.06.01"]
[EventType "swiss"]
[EventRounds "5"]
[EventCountry "ITA"]
[SourceTitle "EXT 2024"]
[Source "ChessBase"]
[SourceDate "2023.10.10"]
[SourceVersion "1"]
[SourceVersionDate "2023.10.10"]
[SourceQuality "1"]

1. e4 c5 2. d4 e6 3. d5 d6 4. c4 Be7 5. Nc3 Nf6 6. Bd3 Nbd7 7. f4 exd5 8. cxd5 0-0 9. Nf3 Nb6 10. h3 Re8 11. 0-0 Bf8 12. Bc2 Nbd7 13. Re1 Re7 14. e5 g6 15. exf6 Nxf6 16. Ne4 Bg7 17. Nxf6+ Bxf6 18. Rb1 c4 19. Be3 Bg7 20. Bd4 Bxd4+ 21. Qxd4 Rc7 22. Re3 Bd7 23. Rbe1 Qf8 24. Nd2 f5 25. Nf3 h6 26. Nh4 Be8 27. Re6 Rg7 28. Rf6 Bf7 29. Bxf5 gxf5 30. Nxf5 Rg6 31. Ne7+ 1-0

[Event "Mogliano Veneto op-A 43th"]
[Site "Mogliano Veneto"]
[Date "2023.04.24"]
[Round "2"]
[White "Giordan, Daniele"]
[Black "Folin, Giorgio"]
[Result "0-1"]
[WhiteElo "1929"]
[BlackElo "1715"]
[PlyCount "63"]
[EventDate "2023.04.23"]
[EventType "swiss"]
[EventRounds "5"]
[EventCountry "ITA"]
[SourceTitle "EXT 2024"]
[Source "ChessBase"]
[SourceDate "2023.10.10"]
[SourceVersion "1"]
[SourceVersionDate "2023.10.10"]
[SourceQuality "1"]

1. e4 e5 2. Nf3 Nc6 3. Bc4 Nf6 4. d3 Be7 5. Be3 0-0 6. Nc3 a6 7. Qd2 d6 8. a3 Be6 9. Nd5 Qd7 10. Ng5 Nd8 11. f3 Bxd5 12. exd5 c6 13. dxc6 Nxc6 14. 0-0 d5 15. Ba2 h6 16. Nh3 Rfd8 17. Qf2 Rac8 18. Rae1 Bd6 19. Qh4 Ne7 20. Qf2 Nf5 21. c3 d4 22. cxd4 exd4 23. Bc1 Ne3 24. Bxe3 dxe3 25. Qe2 Bc5 26. Bb1 Qb5 27. Kh1 Bd4 28. Ba2 Rc7 29. Bc4 Qxb2 30. Qxb2 Bxb2 31. Rxe3 Bxa3 32. Rd1 0-1

[Event "Mogliano Veneto op-A 43th"]
[Site "Mogliano Veneto"]
[Date "2023.04.24"]
[Round "3"]
[White "Giordan, Daniele"]
[Black "Redo, Giorgio"]
[Result "0-1"]
[WhiteElo "1929"]
[BlackElo "2055"]
[PlyCount "114"]
[EventDate "2023.04.23"]
[EventType "swiss"]
[EventRounds "5"]
[EventCountry "ITA"]
[SourceTitle "EXT 2024"]
[Source "ChessBase"]
[SourceDate "2023.10.10"]
[SourceVersion "1"]
[SourceVersionDate "2023.10.10"]
[SourceQuality "1"]

1. e4 c5 2. Nf3 Nc6 3. c3 d5 4. exd5 Qxd5 5. Be2 e5 6. 0-0 Nf6 7. Na3 Be7 8. Re1 0-0 9. Bc4 Qd6 10. Nb5 Qb8 11. d4 cxd4 12. cxd4 e4 13. Nd2 Bg4 14. f3 exf3 15. Nxf3 Bb4 16. Nc3 Bd6 17. h3 Bxf3 18. Qxf3 Nxd4 19. Qd3 Nc6 20. Bb3 Qd8 21. Kh1 h6 22. Rd1 Bc7 23. Qf3 Qe7 24. Be3 Qe5 25. Bg1 Nh5 26. g4 Nf6 27. Rd2 Rad8 28. Bh2 Qe7 29. Nd5 Nxd5 30. Bxd5 Bxh2 31. Rxh2 Rd6 32. Rc1 Qg5 33. Rd1 Ne5 34. Qe4 Rfd8 35. Rf2 g6 36. Kg2 Kg7 37. Rfd2 h5 38. Kg3 hxg4 39. h4 Qf5 40. Qxf5 gxf5 41. Kf4 Kf6 42. h5 Nc6 43. Ke3 Ke5 44. Bxf7 f4+ 45. Ke2 Nd4+ 46. Kf2 g3+ 47. Kg2 Nf5 48. Re1+ Ne3+ 49. Rxe3+ fxe3 50. Rxd6 Rxd6 51. Kxg3 Rd2 52. Bc4 Rxb2 53. h6 Kf6 54. Kf3 Rc2 55. Bd3 Rxa2 56. Kxe3 Ra3 57. Kd4 Rxd3+ 0-1

[Event "Padova op 9th"]
[Site "Padova"]
[Date "2006.12.24"]
[Round "9"]
[White "Rossi, Giampiero"]
[Black "Giordan, Daniele"]
[Result "1-0"]
[WhiteElo "1976"]
[BlackElo "1897"]
[PlyCount "141"]
[EventDate "2006.12.16"]
[EventType "swiss"]
[EventRounds "9"]
[EventCountry "ITA"]
[SourceTitle "EXT 2011"]
[Source "ChessBase"]
[SourceDate "2010.11.26"]
[SourceVersion "1"]
[SourceVersionDate "2010.11.26"]
[SourceQuality "1"]

1. d4 d5 2. c4 c6 3. cxd5 cxd5 4. Nc3 Nc6 5. Nf3 Nf6 6. Bf4 Bf5 7. e3 e6 8. Qb3 Bb4 9. Bb5 0-0 10. 0-0 Bxc3 11. Qxc3 Rc8 12. Qa3 a6 13. Bxc6 Rxc6 14. Rfc1 Qb6 15. Ne5 Rcc8 16. b3 Qb5 17. Rxc8 Rxc8 18. Rc1 Qe8 19. f3 Nh5 20. Rxc8 Qxc8 21. Qc5 Qxc5 22. dxc5 Nxf4 23. exf4 Kf8 24. c6 bxc6 25. Nxc6 Ke8 26. Kf2 Bb1 27. a3 Ba2 28. b4 Bc4 29. Ke3 f6 30. Kd4 Kd7 31. Kc5 g6 32. g3 Be2 33. Nd4 Bd3 34. a4 e5 35. fxe5 fxe5 36. Nc6 Ke6 37. b5 axb5 38. axb5 Bxb5 39. Kxb5 Kd6 40. Nb4 e4 41. fxe4 dxe4 42. Kc4 Ke5 43. Nc2 h5 44. Ne3 g5 45. Kc3 h4 46. Kd2 hxg3 47. hxg3 Kd4 48. Ke2 Ke5 49. Kf2 Kd4 50. Ke2 Ke5 51. Nf1 Kd4 52. Nh2 Kd5 53. Ke3 Ke5 54. Ng4+ Kf5 55. Nf2 Ke5 56. g4 Kf6 57. Kxe4 Ke6 58. Nh3 Kf6 59. Kd5 Kf7 60. Ke5 Kg6 61. Ke6 Kg7 62. Kf5 Kh6 63. Kf6 Kh7 64. Kxg5 Kg7 65. Nf4 Kf7 66. Nh5 Kg8 67. Kg6 Kh8 68. Kf7 Kh7 69. g5 Kh8 70. Nf4 Kh7 71. g6+ 1-0

[Event "Padova op 9th"]
[Site "Padova"]
[Date "2006.12.23"]
[Round "8"]
[White "Giordan, Daniele"]
[Black "Ceccato, Alessandro"]
[Result "1-0"]
[WhiteElo "1897"]
[BlackElo "1700"]
[PlyCount "73"]
[EventDate "2006.12.16"]
[EventType "swiss"]
[EventRounds "9"]
[EventCountry "ITA"]
[SourceTitle "EXT 2011"]
[Source "ChessBase"]
[SourceDate "2010.11.26"]
[SourceVersion "1"]
[SourceVersionDate "2010.11.26"]
[SourceQuality "1"]

1. e4 c5 2. Nf3 e6 3. d4 cxd4 4. Nxd4 a6 5. Nc3 Qc7 6. Bd3 Nf6 7. 0-0 d6 8. Kh1 Be7 9. f4 Nbd7 10. Qe1 b5 11. Nf3 b4 12. Ne2 Bb7 13. Ng3 a5 14. a3 bxa3 15. Rxa3 0-0 16. e5 dxe5 17. Rc3 Qb8 18. fxe5 Nd5 19. Rc4 Re8 20. Rg4 Bf8 21. Rh4 f5 22. exf6 N5xf6 23. Ng5 e5 24. Nxh7 e4 25. Nxf6+ Nxf6 26. Bc4+ Bd5 27. Bxd5+ Nxd5 28. Nxe4 Be7 29. Rh3 Rf8 30. Rxf8+ Qxf8 31. Ng3 Qf7 32. Ne2 Bc5 33. Rf3 Qe6 34. Qf1 Re8 35. Nf4 Nxf4 36. Bxf4 Qg6 37. Qc4+ 1-0

[Event "Padova op 9th"]
[Site "Padova"]
[Date "2006.12.20"]
[Round "5"]
[White "Cardilli, Mariano"]
[Black "Giordan, Daniele"]
[Result "1-0"]
[WhiteElo "2079"]
[BlackElo "1897"]
[PlyCount "81"]
[EventDate "2006.12.16"]
[EventType "swiss"]
[EventRounds "9"]
[EventCountry "ITA"]
[SourceTitle "EXT 2011"]
[Source "ChessBase"]
[SourceDate "2010.11.26"]
[SourceVersion "1"]
[SourceVersionDate "2010.11.26"]
[SourceQuality "1"]

1. d4 d5 2. c4 c6 3. Nf3 Nf6 4. Nc3 e6 5. Bg5 Nbd7 6. e3 Qa5 7. Nd2 dxc4 8. Bxf6 Nxf6 9. Nxc4 Qc7 10. Bd3 Be7 11. Rc1 0-0 12. 0-0 Bd7 13. e4 b5 14. Ne3 b4 15. Na4 Qf4 16. g3 Qg5 17. Nc5 e5 18. h4 Qg6 19. dxe5 Bg4 20. exf6 Bxd1 21. fxe7 Rfe8 22. Rfxd1 Rxe7 23. Nf5 Ree8 24. Bc4 Qf6 25. Rd7 Qxb2 26. Bxf7+ Kf8 27. Nd3 Qf6 28. Bxe8 Rxe8 29. Nc5 g6 30. Nh6 Re7 31. Rcd1 Qf3 32. Rd8+ Kg7 33. Ng8 Qxd1+ 34. Rxd1 Kxg8 35. Rd6 Rc7 36. f4 a5 37. Kf2 a4 38. Rd8+ Kf7 39. Rb8 Ra7 40. Rxb4 Ra5 41. Nxa4 1-0

[Event "Campodarsego op-B 17th"]
[Site "Campodarsego"]
[Date "2006.01.22"]
[Round "5"]
[White "Giordan, Daniele"]
[Black "Demiraj, Rumi"]
[Result "1/2-1/2"]
[WhiteElo "1870"]
[BlackElo "1895"]
[PlyCount "39"]
[EventDate "2006.01.20"]
[EventType "swiss"]
[EventRounds "5"]
[EventCountry "ITA"]
[SourceTitle "EXT 2011"]
[Source "ChessBase"]
[SourceDate "2010.11.26"]
[SourceVersion "1"]
[SourceVersionDate "2010.11.26"]
[SourceQuality "1"]

1. e4 e5 2. Nf3 Nc6 3. Bb5 a6 4. Ba4 Nf6 5. d3 d6 6. h3 Be7 7. c3 b5 8. Bc2 Bb7 9. Be3 d5 10. exd5 Nxd5 11. 0-0 f5 12. Qe2 0-0 13. Bd2 Bf6 14. Na3 Nb6 15. Rad1 Qe7 16. Rfe1 Rfe8 17. Bc1 Kh8 18. Nb1 Rad8 19. Nbd2 Nd7 20. Nf1 1/2-1/2

[Event "Campodarsego op-B 16th"]
[Site "Campodarsego"]
[Date "2005.01.23"]
[Round "4"]
[White "Giordan, Daniele"]
[Black "Palumbo, Giuseppe"]
[Result "1-0"]
[WhiteElo "1732"]
[BlackElo "1652"]
[PlyCount "117"]
[EventDate "2005.01.21"]
[EventType "swiss"]
[EventRounds "5"]
[EventCountry "ITA"]
[SourceTitle "EXT 2024"]
[Source "ChessBase"]
[SourceDate "2023.10.10"]
[SourceVersion "1"]
[SourceVersionDate "2023.10.10"]
[SourceQuality "1"]

1. e4 c5 2. Nc3 Nc6 3. g3 d6 4. Bg2 g6 5. d3 Bg7 6. Be3 a6 7. Qd2 Nf6 8. Bh6 0-0 9. Bxg7 Kxg7 10. h4 e6 11. Nf3 d5 12. e5 Nd7 13. h5 Rh8 14. hxg6 hxg6 15. Rxh8 Qxh8 16. 0-0-0 Kf8 17. Rh1 Qg7 18. Qf4 Ndxe5 19. Ng5 Ke7 20. Rh7 Qf6 21. Qh4 Nd8 22. Bxd5 Kd7 23. Nce4 Qf5 24. Bb3 Kc6 25. Qh1 Kc7 26. f4 Nec6 27. c3 Bd7 28. Qf3 b5 29. g4 Ne5 30. gxf5 Nxf3 31. Nxf3 gxf5 32. Nxc5 Bc6 33. Ne5 Kd6 34. Nxc6 Kxc6 35. d4 Kd6 36. Rh8 Rb8 37. Nxa6 Rc8 38. Nc5 Ke7 39. Nb7 Rb8 40. Nxd8 Rxd8 41. Rxd8 Kxd8 42. a4 bxa4 43. Bxa4 f6 44. Kd2 Ke7 45. Ke3 Kd6 46. c4 e5 47. c5+ Kd5 48. dxe5 fxe5 49. fxe5 Kxe5 50. c6 Kd6 51. b4 Kc7 52. b5 Kb6 53. Bc2 f4+ 54. Kxf4 Kc7 55. Ke5 Kd8 56. b6 Kc8 57. c7 Kb7 58. Bf5 Ka8 59. Be4# 1-0

[Event "Padova op-B 7th"]
[Site "Padova"]
[Date "2004.12.12"]
[Round "2"]
[White "Ungaro, Olindo"]
[Black "Giordan, Daniele"]
[Result "1-0"]
[WhiteElo "1999"]
[BlackElo "1729"]
[PlyCount "78"]
[EventDate "2004.12.11"]
[EventType "swiss"]
[EventRounds "6"]
[EventCountry "ITA"]
[SourceTitle "EXT 2023"]
[Source "ChessBase"]
[SourceDate "2022.10.05"]
[SourceVersion "1"]
[SourceVersionDate "2022.10.05"]
[SourceQuality "1"]

1. e4 d6 2. d4 Nf6 3. Nc3 g6 4. f4 Bg7 5. Nf3 0-0 6. Bd3 Nc6 7. h3 Re8 8. 0-0 Nh5 9. g4 Nf6 10. a3 e5 11. d5 Nd4 12. f5 c6 13. Bc4 b5 14. Ba2 c5 15. Re1 Qb6 16. Kg2 b4 17. Nb1 Ba6 18. Nbd2 bxa3 19. bxa3 Rab8 20. Nc4 Qc7 21. c3 Nxf3 22. Qxf3 Bxc4 23. Bxc4 Rb6 24. Ra2 h6 25. h4 Reb8 26. Rd1 Nh7 27. g5 hxg5 28. hxg5 gxf5 29. exf5 f6 30. g6 Nf8 31. Rh1 Rb1 32. Bd3 R1b3 33. Bc2 R3b6 34. Rh4 c4 35. Qe2 Rc8 36. Rb2 Rxb2 37. Bxb2 Qc5 38. Bc1 Qxd5+ 39. Be4 Qb5 1-0

[Event "Padova op-A 5th"]
[Site "Padova"]
[Date "2002.12.15"]
[Round "3.34"]
[White "Giordan, Daniele"]
[Black "Boaretto, Vanni"]
[Result "0-1"]
[WhiteElo "1650"]
[BlackElo "1500"]
[PlyCount "70"]
[EventDate "2002.12.14"]
[EventType "swiss"]
[EventRounds "6"]
[EventCountry "ITA"]
[SourceTitle "EXT 2023"]
[Source "ChessBase"]
[SourceDate "2022.10.05"]
[SourceVersion "1"]
[SourceVersionDate "2022.10.05"]
[SourceQuality "1"]

1. e4 e5 2. Nf3 Nf6 3. Nxe5 d6 4. Nf3 Nxe4 5. d4 d5 6. Bd3 Be7 7. 0-0 0-0 8. c4 c6 9. Re1 f5 10. Qb3 b6 11. Nc3 Be6 12. Ne5 Bd6 13. cxd5 cxd5 14. f3 Qh4 15. Be3 Nxc3 16. Bf2 Qe7 17. bxc3 Nd7 18. Nc6 Qf7 19. Qb2 Rfc8 20. Ne5 Nxe5 21. dxe5 Bc5 22. Bd4 Rc7 23. f4 Rac8 24. Rac1 Qh5 25. Be2 Qe8 26. Qd2 Qa4 27. Bd1 Qa3 28. Bb3 a5 29. c4 a4 30. Bd1 Bxd4+ 31. Qxd4 Qxc1 32. cxd5 Rd7 33. Qxa4 Rxd5 34. Rf1 Qc4 35. Qa3 Qd4+ 0-1

[Event "Padova op 4th"]
[Site "Padova"]
[Date "2001.12.23"]
[Round "5"]
[White "Giordan, Daniele"]
[Black "Pechy, Alaster"]
[Result "0-1"]
[WhiteElo "1425"]
[BlackElo "1672"]
[PlyCount "144"]
[EventDate "2001.12.15"]
[EventType "swiss"]
[EventRounds "6"]
[EventCountry "ITA"]
[SourceTitle "EXT 2024"]
[Source "ChessBase"]
[SourceDate "2023.10.10"]
[SourceVersion "1"]
[SourceVersionDate "2023.10.10"]
[SourceQuality "1"]

1. e4 c5 2. c3 d5 3. Nf3 dxe4 4. Qa4+ Bd7 5. Qxe4 Nc6 6. Bc4 Nf6 7. Qe2 e6 8. 0-0 Qc7 9. d3 Na5 10. Na3 a6 11. d4 cxd4 12. Nxd4 Bxa3 13. Nxe6 Bxe6 14. Bxe6 fxe6 15. bxa3 e5 16. f4 e4 17. f5 0-0 18. Bf4 Qc4 19. Qf2 Nd5 20. Be5 Nc6 21. Bd4 Rae8 22. Rae1 Nxd4 23. cxd4 e3 24. Qb2 e2 25. Rf2 Qc3 26. Rexe2 Qxb2 27. Rxb2 Re1+ 28. Rf1 Rxf1+ 29. Kxf1 Rxf5+ 30. Ke2 Rf7 31. Kd3 Rc7 32. Ke4 Nf6+ 33. Kf5 Kf7 34. Rd2 Rd7 35. g4 h6 36. h4 g5 37. d5 Rxd5+ 38. Rxd5 Nxd5 39. hxg5 hxg5 40. Kxg5 Ne7 41. Kf4 Ke6 42. Ke4 b6 43. a4 Nc6 44. a3 Ne5 45. g5 Nf7 46. g6 Nd6+ 47. Kd4 Nf5+ 48. Ke4 Ng7 49. Kd4 Kd6 50. Kc4 Ne6 51. a5 bxa5 52. a4 Kc6 53. Kc3 Kc5 54. Kb3 Kd4 55. Kb2 Kc4 56. Kc2 Kb4 57. Kd2 Kxa4 58. Ke3 Kb4 59. Ke4 a4 60. Ke5 Ng7 61. Kf6 a3 62. Kxg7 a2 63. Kh7 a1Q 64. g7 Qxg7+ 65. Kxg7 a5 66. Kf7 a4 67. Ke6 a3 68. Kd5 a2 69. Ke4 a1Q 70. Kd5 Qd1+ 71. Ke4 Kc4 72. Ke5 Qd4+ 0-1

[Event "Treviso op-B 25th"]
[Site "Treviso"]
[Date "2001.12.07"]
[Round "1.6"]
[White "Ballarin, Gabriele"]
[Black "Giordan, Daniele"]
[Result "0-1"]
[WhiteElo "1624"]
[BlackElo "1425"]
[PlyCount "66"]
[EventDate "2001.12.07"]
[EventType "swiss"]
[EventRounds "5"]
[EventCountry "ITA"]
[SourceTitle "EXT 2024"]
[Source "ChessBase"]
[SourceDate "2023.10.10"]
[SourceVersion "1"]
[SourceVersionDate "2023.10.10"]
[SourceQuality "1"]

1. e4 c6 2. d4 d5 3. Nc3 dxe4 4. Nxe4 Bf5 5. Ng3 Bg6 6. Nf3 e6 7. c3 Nd7 8. Bf4 Ngf6 9. h4 h6 10. h5 Bh7 11. Bd3 Nd5 12. Be3 Bd6 13. Bxh7 Nxe3 14. Qb1 Nxg2+ 15. Kf1 Nf4 16. Bc2 Nf6 17. Qe1 Qc7 18. Rh4 0-0-0 19. Ne5 N4d5 20. f4 Qe7 21. Ke2 Nd7 22. Ne4 Nxe5 23. fxe5 Bc7 24. Qf2 f5 25. exf6 Nxf6 26. Nxf6 gxf6 27. Rg1 f5 28. Rh3 Rhg8 29. Re1 Qg5 30. Kd1 Rde8 31. Bb3 Bg3 32. Bxe6+ Rxe6 33. Rxg3 Rxe1+ 0-1

[Event "Graticolato op-A U1900 7th"]
[Site "Santa Maria di Sala"]
[Date "1999.11.27"]
[Round "4.11"]
[White "Boesso, Paolo"]
[Black "Giordan, Daniele"]
[Result "1-0"]
[WhiteElo "1576"]
[BlackElo "1500"]
[PlyCount "101"]
[EventDate "1999.11.20"]
[EventType "swiss"]
[EventRounds "6"]
[EventCountry "ITA"]
[SourceTitle "EXT 2023"]
[Source "ChessBase"]
[SourceDate "2022.10.05"]
[SourceVersion "1"]
[SourceVersionDate "2022.10.05"]
[SourceQuality "1"]

1. d4 Nf6 2. Nf3 d5 3. c4 g6 4. Nc3 Bg7 5. cxd5 Nxd5 6. e4 Nxc3 7. bxc3 c5 8. Be3 Nc6 9. h3 Qc7 10. Be2 b6 11. 0-0 Bb7 12. d5 Rd8 13. Qa4 0-0 14. dxc6 Bxc6 15. Qc2 Qb7 16. Nd2 f5 17. f3 Bd7 18. Rab1 Qc7 19. Bc4+ Kh8 20. Bf2 Bh6 21. Rfe1 Bc8 22. Nf1 fxe4 23. Qxe4 Bf5 24. Bg3 Qd7 25. Be5+ Rf6 26. Qh4 Bg7 27. Rbd1 Qc8 28. Rxd8+ Qxd8 29. Bb3 Qc8 30. Bxf6 Bxf6 31. Qc4 Qf8 32. Ne3 e6 33. Nxf5 exf5 34. Re6 Kg7 35. Qd3 Kh6 36. Qd6 Qxd6 37. Rxd6 Bxc3 38. Bc4 Ba5 39. Rd7 f4 40. Kf1 g5 41. Bg8 b5 42. Rxh7+ Kg6 43. Rxa7 Bc3 44. Rb7 b4 45. Ke2 Kf5 46. Kd3 Bd4 47. Bh7+ Kf6 48. Be4 Ke5 49. Rf7 Bf2 50. Rf5+ Ke6 51. Rxg5 1-0

[Event "Graticolato op-A U1900 7th"]
[Site "Santa Maria di Sala"]
[Date "1999.11.21"]
[Round "3.8"]
[White "Giordan, Daniele"]
[Black "Rizzardi, Franco"]
[Result "0-1"]
[WhiteElo "1500"]
[BlackElo "1633"]
[PlyCount "86"]
[EventDate "1999.11.20"]
[EventType "swiss"]
[EventRounds "6"]
[EventCountry "ITA"]
[SourceTitle "EXT 2023"]
[Source "ChessBase"]
[SourceDate "2022.10.05"]
[SourceVersion "1"]
[SourceVersionDate "2022.10.05"]
[SourceQuality "1"]

1. e4 e6 2. d4 d5 3. e5 c5 4. c3 Nc6 5. Nf3 Qb6 6. b3 cxd4 7. cxd4 Bb4+ 8. Bd2 Nh6 9. Nc3 a6 10. a3 Bxc3 11. Bxc3 Bd7 12. Bd3 Rc8 13. 0-0 Nxe5 14. Nxe5 Rxc3 15. Bc2 Bb5 16. Re1 0-0 17. Re3 Rxe3 18. fxe3 f6 19. Nf3 e5 20. a4 Bc6 21. Qd2 e4 22. Ne1 Qc7 23. b4 f5 24. Bb3 Qd6 25. g3 Ng4 26. Ng2 Rf6 27. Rf1 g5 28. h3 Nh6 29. Qe1 Qd7 30. Qd1 Nf7 31. h4 h6 32. h5 Kg7 33. Kh2 Nd6 34. a5 Bb5 35. Rg1 Qf7 36. Rh1 Nc4 37. Kg1 Rc6 38. Qe1 Nb2 39. Qa1 Nd3 40. Ne1 Rc1 41. Qa2 Rxe1+ 42. Kg2 Rxh1 43. Kxh1 Qxh5+ 0-1